<?xml version="1.0" encoding="UTF-8"?>
<record
    xmlns:xsi="http://www.w3.org/2001/XMLSchema-instance"
    xsi:schemaLocation="http://www.loc.gov/MARC21/slim http://www.loc.gov/standards/marcxml/schema/MARC21slim.xsd"
    xmlns="http://www.loc.gov/MARC21/slim">

  <leader>00946cam a2200277 a 4500</leader>
  <controlfield tag="001">36443</controlfield>
  <controlfield tag="003">BD-RjUL</controlfield>
  <controlfield tag="005">20211209052504.0</controlfield>
  <controlfield tag="008">140624m1946 1935 mau           001 0 eng d</controlfield>
  <datafield tag="035" ind1=" " ind2=" ">
    <subfield code="a">(BD-RjUL)36543</subfield>
  </datafield>
  <datafield tag="035" ind1=" " ind2=" ">
    <subfield code="a">(BD-RjUL)36543</subfield>
  </datafield>
  <datafield tag="040" ind1=" " ind2=" ">
    <subfield code="a">HRM</subfield>
    <subfield code="c">HRM</subfield>
    <subfield code="d">m/c</subfield>
    <subfield code="d">BD-RjUL</subfield>
    <subfield code="b">eng</subfield>
  </datafield>
  <datafield tag="041" ind1="1" ind2=" ">
    <subfield code="a">eng</subfield>
    <subfield code="a">grc</subfield>
    <subfield code="h">grc</subfield>
  </datafield>
  <datafield tag="082" ind1=" " ind2=" ">
    <subfield code="a">321.07</subfield>
    <subfield code="b">PLR 1946</subfield>
  </datafield>
  <datafield tag="090" ind1=" " ind2=" ">
    <subfield code="a">PA4279</subfield>
    <subfield code="b">.R4 1953-56</subfield>
  </datafield>
  <datafield tag="100" ind1="0" ind2=" ">
    <subfield code="a">Plato.</subfield>
    <subfield code="9">110937</subfield>
  </datafield>
  <datafield tag="245" ind1="1" ind2="4">
    <subfield code="a">The Republic with an English translation /</subfield>
    <subfield code="c">by Paul Shorey, Ph.D., LL.D., Litt.D</subfield>
  </datafield>
  <datafield tag="260" ind1=" " ind2=" ">
    <subfield code="a">Cambridge, Mass :</subfield>
    <subfield code="b">Harvard University Press ;</subfield>
    <subfield code="a">London :</subfield>
    <subfield code="b">William Heinemann,</subfield>
    <subfield code="c">1935 [Reprinted 1946]</subfield>
  </datafield>
  <datafield tag="300" ind1=" " ind2=" ">
    <subfield code="a">lxxiii ,537 p.:</subfield>
    <subfield code="c">17 cm</subfield>
  </datafield>
  <datafield tag="650" ind1=" " ind2=" ">
    <subfield code="a"> Political science -- Early works to 1800. </subfield>
    <subfield code="9">93287</subfield>
  </datafield>
  <datafield tag="650" ind1=" " ind2=" ">
    <subfield code="a">Utopias -- Early works to 1800.</subfield>
    <subfield code="9">110942</subfield>
  </datafield>
  <datafield tag="650" ind1=" " ind2=" ">
    <subfield code="a"> Justice -- Early works to 1800. Vie</subfield>
    <subfield code="9">110943</subfield>
  </datafield>
  <datafield tag="830" ind1=" " ind2="0">
    <subfield code="a">Loeb classical library.</subfield>
    <subfield code="9">110944</subfield>
  </datafield>
  <datafield tag="942" ind1=" " ind2=" ">
    <subfield code="2">ddc</subfield>
    <subfield code="c">BK</subfield>
  </datafield>
  <datafield tag="999" ind1=" " ind2=" ">
    <subfield code="c">36443</subfield>
    <subfield code="d">36443</subfield>
  </datafield>
  <datafield tag="952" ind1=" " ind2=" ">
    <subfield code="0">0</subfield>
    <subfield code="1">0</subfield>
    <subfield code="2">ddc</subfield>
    <subfield code="4">0</subfield>
    <subfield code="7">1</subfield>
    <subfield code="8">NFIC</subfield>
    <subfield code="a">RUCL</subfield>
    <subfield code="b">RUCL</subfield>
    <subfield code="c">Reading</subfield>
    <subfield code="d">1955-03-10</subfield>
    <subfield code="e">SIMKIM MARSHALL</subfield>
    <subfield code="g">15.00</subfield>
    <subfield code="l">0</subfield>
    <subfield code="o">321.07 PLR 1946</subfield>
    <subfield code="r">2014-06-24 00:00:00</subfield>
    <subfield code="t">C-1</subfield>
    <subfield code="w">2014-06-24</subfield>
    <subfield code="y">BK</subfield>
  </datafield>
</record>
